| 000 | 00999nam a2200229Ia 4500 | ||
|---|---|---|---|
| 999 |
_c34587 _d34587 |
||
| 001 | 348 | ||
| 003 | GE_BSU | ||
| 005 | 20200204172115.0 | ||
| 008 | 181216s2011||||ge |||||||||||||| ||geo|| | ||
| 020 | _a978994103139 | ||
| 040 | _cGE_BSU | ||
| 041 | _ageo | ||
| 080 | _a611(075.8) კ-43 | ||
| 100 |
_aკაციტაძე, ზურაბ _96820 |
||
| 245 |
_aადამიანის ანატომია _bნ.2. [სახელმძღვ. უმაღლ. სამედ. სასწ. სტუდ.] / _cზურაბ კაციტაძე ; [რედ. ნინო ჯავახიშვილი]. |
||
| 250 | _aმე- 6 საიუბილეო გამოცემა | ||
| 264 |
_aთბილისი : _bმედეა, _c2011. |
||
| 300 |
_a380 გვ. _b23 სმ. |
||
| 653 | _aადამიანის ანატომია | ||
| 700 |
_aჯავახიშვილი, ნინო _eრედაქტორი _96695 |
||
| 942 |
_cBK _2udc |
||